El sonido y la furia

Guardat en:
Dades bibliogràfiques
Autor principal: Faulkner, William (Autor)
Format: Llibre
Idioma:espanyol
Publicat: Barcelona Bruguera 1983
Edició:2a. ed
Col·lecció:Bruguera, libro amigo
Matèries:
Etiquetes: Afegir etiqueta
Sense etiquetes, Sigues el primer a etiquetar aquest registre!

MARC

LEADER 00000nam a2200000 a 4500
001 UCQ9898
003 CL-VaPUC
008 990127e19830700SP |||||||||||||||||spa|d
082 0 4 |a 813  |b FAU  |2 21 
100 0 |a Faulkner, William  |e author  |9 313148 
245 1 3 |a El sonido y la furia 
250 |a 2a. ed 
300 |a 314 p 
942 |c BK 
945 |d 19990127 00:00:00  |a cmena 
260 |a Barcelona  |b Bruguera  |c 1983 
650 0 |a Novelas estadounidenses  |9 265217 
650 0 |a Literatura estadounidense  |9 317168 
583 |a last modification  |c 19990127 00:00:00  |k Rodrigo Vera 
490 0 |a Bruguera, libro amigo 
999 |c 278798  |d 278796 
952 |0 0  |1 0  |4 0  |6 813_000000000000000_FAU_1983  |7 0  |8 A  |9 317568  |a FDOPOS  |b FDOPOS  |d 2019-11-20  |i 1321137  |o 813 FAU 1983  |p 1321137  |r 2025-01-22  |w 2019-11-20  |y BK  |k MLH